[Event "DVM U14 2019"]
[Site "Magdeburg GER"]
[Date "2019.12.27"]
[Round "1"]
[White "Nied, Pascal"]
[Black "Toval, David"]
[Result "1-0"]
[Termination "normal"]
[Board "7.1"]
[WhiteElo "1717"]
[BlackElo "1853"]
[WhiteTeam "SC Untergrombach 46"]
[BlackTeam "Schachklub Münster 32 e. V."]
[PlyCount "73"]
[WhiteFideId "16260597"]
[BlackFideId "12992755"]
[EventCountry "GER"]
[EventRounds "7"]
[EventType "team-swiss"]
[EventDate "2019.12.26"]

1. e4 c5 2. Nf3 d6 3. d4 cxd4 4. Nxd4 Nf6 5. Nc3 a6 6. Be2 e6 7. O-O Be7 8. f4
O-O 9. Kh1 Qc7 10. Be3 b5 11. Bf3 Bb7 12. a3 Nbd7 13. Qe1 Nb6 14. Rd1 Rfd8 15.
Qg3 Nc4 16. Bc1 Nxa3 17. e5 dxe5 18. fxe5 Bxf3 19. Qxf3 Nxc2 20. Nxc2 Qxe5 21.
Nd4 Bd6 22. g3 Qh5 23. Qxh5 Nxh5 24. Nc6 Rd7 25. Ne5 Bxe5 26. Rxd7 Nf6 27. Rd3
b4 28. Ne2 a5 29. Kg2 a4 30. Bd2 Nd5 31. Rb1 g6 32. Nc1 Rc8 33. Na2 Rc2 34. Kh3
Bxb2 35. Nxb4 Nc3 36. Bxc3 Rxc3 37. Rxb2 1-0

[Event "DVM U14 2019"]
[Site "Magdeburg GER"]
[Date "2019.12.27"]
[Round "1"]
[White "Schröder, Lennart"]
[Black "Toth, Marc"]
[Result "0-1"]
[Termination "normal"]
[Board "7.2"]
[WhiteElo "1863"]
[BlackElo "1564"]
[WhiteTeam "Schachklub Münster 32 e. V."]
[BlackTeam "SC Untergrombach 46"]
[PlyCount "80"]
[WhiteFideId "16222490"]
[BlackFideId "16260210"]
[EventCountry "GER"]
[EventRounds "7"]
[EventType "team-swiss"]
[EventDate "2019.12.26"]

1. d4 d5 2. c4 e6 3. Nf3 Nf6 4. g3 Nbd7 5. Bg2 Be7 6. O-O O-O 7. Qc2 c6 8. Nbd2
b6 9. e4 dxe4 10. Nxe4 Nxe4 11. Qxe4 Bb7 12. Rd1 Nf6 13. Qc2 Qc7 14. c5 Nd5 15.
Ng5 Bxg5 16. Bxg5 h6 17. Be3 Rac8 18. Rac1 Rfd8 19. a3 Re8 20. b4 Qd7 21. Qb2
Ba6 22. a4 Rb8 23. b5 bxc5 24. bxc6 Qxc6 25. Bxd5 exd5 26. Rxc5 Qxa4 27. Ra1
Rxb2 28. Rxa4 Rb1+ 29. Kg2 Bf1+ 30. Kf3 a6 31. Ra3 Bc4 32. h4 Rb2 33. Rc6 Kh7
34. Rc7 Kg6 35. Rc6+ f6 36. Rc7 h5 37. Rc6 Kf5 38. Rcxa6 Be2+ 39. Kg2 Bxa6 40.
Rxa6 Rxe3 0-1

[Event "DVM U14 2019"]
[Site "Magdeburg GER"]
[Date "2019.12.27"]
[Round "1"]
[White "Richter, Simon"]
[Black "Weidemann, Jakob"]
[Result "1/2-1/2"]
[Termination "normal"]
[Board "7.3"]
[WhiteElo "1476"]
[BlackElo "1565"]
[WhiteTeam "SC Untergrombach 46"]
[BlackTeam "Schachklub Münster 32 e. V."]
[PlyCount "119"]
[WhiteFideId "16258347"]
[BlackFideId "16255470"]
[EventCountry "GER"]
[EventRounds "7"]
[EventType "team-swiss"]
[EventDate "2019.12.26"]

1. e4 c5 2. Nf3 d6 3. d4 cxd4 4. Nxd4 Nf6 5. Nc3 g6 6. Be2 Bg7 7. Be3 O-O 8. h3
Nc6 9. O-O a6 10. f4 Nxd4 11. Bxd4 b5 12. Bf3 Bb7 13. Nd5 Nxd5 14. exd5 Bxd4+
15. Qxd4 Rc8 16. Qd2 Qb6+ 17. Kh1 Rc4 18. c3 b4 19. Rfe1 bxc3 20. bxc3 Qc7 21.
Re2 Rxc3 22. Rxe7 Qxe7 23. Qxc3 Rc8 24. Re1 Rxc3 25. Rxe7 Rc1+ 26. Kh2 Rb1 27.
Re8+ Kg7 28. Rb8 Kf6 29. Be2 Rb6 30. a4 a5 31. Bb5 Kg7 32. Bc6 Rxc6 33. dxc6
Bxc6 34. Rb6 Bxa4 35. Rxd6 Bb3 36. g4 a4 37. Rb6 h6 38. Kg3 Bd5 39. Ra6 Bb3 40.
g5 h5 41. h4 Kf8 42. Kf2 Ke7 43. Ke3 Kd7 44. Kd4 Kc7 45. Kc5 Kb7 46. Ra5 Bc2
47. Kb4 Bb3 48. f5 gxf5 49. Rxf5 Kc7 50. Rf6 Kd7 51. Kc3 Ke7 52. Ra6 Kd7 53.
Kd4 Ke7 54. Ke5 Kf8 55. Kf6 Ke8 56. Ra7 Kd8 57. Ra8+ Kd7 58. Ra7+ Kd8 59. Ra8+
Kd7 60. Ra7+ 1/2-1/2

[Event "DVM U14 2019"]
[Site "Magdeburg GER"]
[Date "2019.12.27"]
[Round "1"]
[White "Tenbosch, Till Theo"]
[Black "Burger, Tim"]
[Result "1-0"]
[Termination "normal"]
[Board "7.4"]
[WhiteElo "1268"]
[BlackElo "1250"]
[WhiteTeam "Schachklub Münster 32 e. V."]
[BlackTeam "SC Untergrombach 46"]
[PlyCount "71"]
[WhiteFideId "16255461"]
[BlackFideId "16298233"]
[EventCountry "GER"]
[EventRounds "7"]
[EventType "team-swiss"]
[EventDate "2019.12.26"]

1. d4 d5 2. Bf4 Nc6 3. e3 Bf5 4. c4 Nf6 5. Nc3 e6 6. Qb3 b6 7. cxd5 exd5 8. Bb5
Qd7 9. Qa4 Qd8 10. Bxc6+ Bd7 11. Bxd7+ Qxd7 12. Qxd7+ Kxd7 13. Nf3 Rc8 14. O-O
Be7 15. Ne5+ Ke8 16. Rac1 c6 17. Na4 c5 18. Rc2 Ne4 19. f3 Nd6 20. Rfc1 c4 21.
e4 f6 22. Ng4 dxe4 23. fxe4 Kf7 24. Bxd6 Bxd6 25. Rxc4 Rxc4 26. Rxc4 Rd8 27.
Nc3 Be7 28. d5 g6 29. Rc7 a6 30. Kf2 Kf8 31. Kf3 h5 32. Ne3 a5 33. Rc6 g5 34.
Nf5 Re8 35. d6 Bd8 36. d7 1-0

[Event "DVM U14 2019"]
[Site "Magdeburg GER"]
[Date "2019.12.27"]
[Round "1"]
[White "Bildat, Emilia"]
[Black "Günther, Fabian"]
[Result "1-0"]
[Termination "normal"]
[Board "8.1"]
[WhiteElo "1754"]
[BlackElo "1499"]
[WhiteTeam "SC Turm Lüneburg e.V."]
[BlackTeam "USV TU Dresden"]
[PlyCount "73"]
[WhiteFideId "16218140"]
[BlackFideId "16240294"]
[EventCountry "GER"]
[EventRounds "7"]
[EventType "team-swiss"]
[EventDate "2019.12.26"]

1. c4 Nf6 2. g3 c5 3. Bg2 Nc6 4. Nc3 e6 5. e3 d5 6. d3 g6 7. Nge2 Qd7 8. O-O
Bg7 9. a3 O-O 10. b4 cxb4 11. axb4 Rd8 12. b5 Ne5 13. f4 Neg4 14. h3 Nh6 15. g4
dxc4 16. g5 cxd3 17. Nd4 Ne8 18. Nc6 Bxc3 19. Ra3 d2 20. Nxd8 Bb4 21. Rb3 Nf5
22. Rxb4 Nxe3 23. Qxd2 Nxf1 24. Kxf1 Rb8 25. Qxd7 Bxd7 26. Nxb7 Nc7 27. Bc6
Bxc6 28. bxc6 Nd5 29. Rc4 Kf8 30. Ba3+ Kg8 31. c7 Rc8 32. Ra4 Rxc7 33. Rxa7 Kg7
34. Bb2+ f6 35. gxf6+ Nxf6 36. Ke2 Kf7 37. Nd6+ 1-0

[Event "DVM U14 2019"]
[Site "Magdeburg GER"]
[Date "2019.12.27"]
[Round "1"]
[White "Döge, Wolf-Peter"]
[Black "Wusterack, Paul"]
[Result "1/2-1/2"]
[Termination "normal"]
[Board "8.2"]
[WhiteElo "1530"]
[BlackElo "1539"]
[WhiteTeam "USV TU Dresden"]
[BlackTeam "SC Turm Lüneburg e.V."]
[PlyCount "71"]
[WhiteFideId "16281829"]
[BlackFideId "16255356"]
[EventCountry "GER"]
[EventRounds "7"]
[EventType "team-swiss"]
[EventDate "2019.12.26"]

1. e4 d5 2. exd5 Nf6 3. d4 Nxd5 4. Nf3 g6 5. Bc4 Bg7 6. O-O O-O 7. c3 Nb6 8.
Bb3 Nc6 9. Bf4 Bg4 10. h3 Bxf3 11. Qxf3 a5 12. a3 Qd7 13. Qe3 a4 14. Ba2 Rae8
15. Bh6 e5 16. Bxg7 Kxg7 17. dxe5 Rxe5 18. Qd2 Qe7 19. Qc1 Re8 20. Nd2 Re2 21.
Nc4 Nxc4 22. Bxc4 Re5 23. Bd3 Na5 24. Bc2 Nb3 25. Bxb3 axb3 26. Qd1 Qe6 27. Qf3
Qd5 28. Qxd5 Rxd5 29. Rad1 Rxd1 30. Rxd1 Re2 31. Rd7 Rxb2 32. Rxc7 b5 33. Rb7
Ra2 34. Rxb5 b2 35. Kh2 Rxa3 36. Rxb2 1/2-1/2

[Event "DVM U14 2019"]
[Site "Magdeburg GER"]
[Date "2019.12.27"]
[Round "1"]
[White "Rennkamp, Johannes"]
[Black "Andreas, Bruno"]
[Result "0-1"]
[Termination "normal"]
[Board "8.3"]
[WhiteElo "1493"]
[BlackElo "1447"]
[WhiteTeam "SC Turm Lüneburg e.V."]
[BlackTeam "USV TU Dresden"]
[PlyCount "50"]
[WhiteFideId "16268784"]
[BlackFideId "16274210"]
[EventCountry "GER"]
[EventRounds "7"]
[EventType "team-swiss"]
[EventDate "2019.12.26"]

1. d4 Nf6 2. Bg5 e6 3. e4 Be7 4. Bd3 d5 5. e5 Nfd7 6. Bxe7 Qxe7 7. c3 c5 8. f4
Nc6 9. Nf3 cxd4 10. cxd4 Nxd4 11. a3 Nxf3+ 12. Qxf3 Qc5 13. Nc3 b6 14. Nb5 O-O
15. Nd6 f6 16. Qh3 f5 17. g4 Qd4 18. gxf5 Qxf4 19. fxe6 Qxe5+ 20. Kd1 Nf6 21.
Nxc8 Raxc8 22. Re1 Ne4 23. Bxe4 dxe4 24. Rb1 Qd4+ 25. Ke2 Rf2# 0-1

[Event "DVM U14 2019"]
[Site "Magdeburg GER"]
[Date "2019.12.27"]
[Round "1"]
[White "Posselt, Daniel"]
[Black "Rennkamp, David"]
[Result "1-0"]
[Termination "normal"]
[Board "8.4"]
[WhiteElo "1289"]
[BlackElo "1395"]
[WhiteTeam "USV TU Dresden"]
[BlackTeam "SC Turm Lüneburg e.V."]
[PlyCount "117"]
[WhiteFideId "16298241"]
[BlackFideId "16249526"]
[EventCountry "GER"]
[EventRounds "7"]
[EventType "team-swiss"]
[EventDate "2019.12.26"]

1. e4 e5 2. Nf3 Nc6 3. Bc4 Bc5 4. c3 Nf6 5. d3 O-O 6. O-O d6 7. Bg5 h6 8. Be3
Bb6 9. Nbd2 Ne7 10. h3 Ng6 11. Qe2 Be6 12. b4 Nh7 13. Rfe1 Qf6 14. d4 Rfe8 15.
d5 Bd7 16. Bb3 Nf4 17. Bxf4 Qxf4 18. Rac1 Ng5 19. Nxg5 Qxg5 20. Nf3 Qg6 21. Kh2
f5 22. c4 c5 23. dxc6 Be6 24. cxb7 Rab8 25. exf5 Qxf5 26. c5 Bc7 27. Bxe6+ Qxe6
28. c6 d5 29. Kg1 Qd6 30. Nh2 e4 31. Nf1 Rf8 32. b5 Bb6 33. Ne3 Rf7 34. Rf1
Rbf8 35. Rcd1 Bc7 36. g3 d4 37. Nc4 Qd5 38. Nd2 Re7 39. Qc4 Qxc4 40. Nxc4 e3
41. fxe3 dxe3 42. Rxf8+ Kxf8 43. Re1 Bxg3 44. Rxe3 Bc7 45. Kf2 Rxe3 46. Kxe3
Ke7 47. Ke4 Ke6 48. a4 Ke7 49. a5 g5 50. b6 axb6 51. axb6 g4 52. hxg4 h5 53.
gxh5 Bxb6 54. Nxb6 Ke6 55. b8=Q Kf7 56. Qd6 Kg8 57. c7 Kf7 58. c8=Q Kg7 59.
Qg6# 1-0

[Event "DVM U14 2019"]
[Site "Magdeburg GER"]
[Date "2019.12.27"]
[Round "1"]
[White "Kittel, Lennart"]
[Black "Hetzner, Hannes"]
[Result "1/2-1/2"]
[Termination "normal"]
[Board "9.1"]
[WhiteElo "1493"]
[BlackElo "2000"]
[WhiteTeam "SF 1876 Göppingen"]
[BlackTeam "SC Erlangen 48/88"]
[PlyCount "76"]
[WhiteFideId "16254171"]
[BlackFideId "16211936"]
[EventCountry "GER"]
[EventRounds "7"]
[EventType "team-swiss"]
[EventDate "2019.12.26"]

1. d4 Nf6 2. c4 e6 3. Nf3 d5 4. Nc3 Bb4 5. Qa4+ Nc6 6. e3 O-O 7. Qc2 Re8 8. a3
Bd6 9. c5 Bf8 10. Bb5 Nd7 11. O-O Ne7 12. Re1 c6 13. Bf1 f5 14. b4 Ng6 15. Bb2
Be7 16. Ne2 Nf6 17. Nf4 Ne4 18. Nxg6 hxg6 19. Ne5 g5 20. f3 Nf6 21. Bd3 Nd7 22.
Nxd7 Bxd7 23. e4 dxe4 24. fxe4 Bf6 25. Bc4 Kh7 26. Re3 Qc7 27. Rae1 Kg6 28. Bd3
Rh8 29. g3 Rh3 30. exf5+ exf5 31. Rf3 Rah8 32. Bxf5+ Bxf5 33. Qxf5+ Kf7 34. d5
Rxh2 35. Qe6+ Kg6 36. Qf5+ Kf7 37. Qe6+ Kg6 38. Qf5+ Kf7 1/2-1/2

[Event "DVM U14 2019"]
[Site "Magdeburg GER"]
[Date "2019.12.27"]
[Round "1"]
[White "Högner, Tom"]
[Black "Schedel, Loris"]
[Result "1-0"]
[Termination "normal"]
[Board "9.2"]
[WhiteElo "1768"]
[BlackElo "1369"]
[WhiteTeam "SC Erlangen 48/88"]
[BlackTeam "SF 1876 Göppingen"]
[PlyCount "81"]
[WhiteFideId "12995436"]
[BlackFideId "16255542"]
[EventCountry "GER"]
[EventRounds "7"]
[EventType "team-swiss"]
[EventDate "2019.12.26"]

1. e4 c5 2. Nf3 a6 3. c3 d5 4. e5 Bg4 5. Be2 e6 6. Qa4+ Nc6 7. Qxg4 h5 8. Qa4
b5 9. Qd1 Qc7 10. d4 Nge7 11. a3 Nf5 12. b4 cxb4 13. cxb4 a5 14. Bxb5 axb4 15.
Qc2 Rc8 16. axb4 Bxb4+ 17. Bd2 O-O 18. Bxc6 Bxd2+ 19. Nbxd2 Qxc6 20. Qxc6 Rxc6
21. O-O Rc2 22. Nb3 Rc3 23. Na5 Ra8 24. Rfd1 Kh7 25. h3 Kg6 26. Kf1 Ne7 27. Nb7
Rb8 28. Nc5 Nc6 29. Rdc1 Rxc1+ 30. Rxc1 Rb4 31. Nxe6 fxe6 32. Rxc6 Kf5 33. g3
g5 34. Rc8 g4 35. hxg4+ hxg4 36. Rf8+ Ke4 37. Rf4+ Kd3 38. Rxg4 Rb1+ 39. Kg2
Ke2 40. Ng5 Rf1 41. Rf4 1-0

[Event "DVM U14 2019"]
[Site "Magdeburg GER"]
[Date "2019.12.27"]
[Round "1"]
[White "Cilo, Selimhan"]
[Black "Wu, Wilfried"]
[Result "0-1"]
[Termination "normal"]
[Board "9.3"]
[WhiteElo "1279"]
[BlackElo "1476"]
[WhiteTeam "SF 1876 Göppingen"]
[BlackTeam "SC Erlangen 48/88"]
[PlyCount "134"]
[WhiteFideId "16246756"]
[BlackFideId "16260775"]
[EventCountry "GER"]
[EventRounds "7"]
[EventType "team-swiss"]
[EventDate "2019.12.26"]

1. e4 e5 2. Nf3 Nc6 3. Bc4 Bc5 4. c3 Nf6 5. d4 exd4 6. cxd4 Bb4+ 7. Nc3 Nxe4 8.
O-O Bxc3 9. bxc3 d5 10. Re1 O-O 11. Qc2 Bf5 12. Bd3 Re8 13. Ba3 a6 14. Nd2 Qd7
15. f3 Nd6 16. Nb3 b6 17. Bxd6 Bxd3 18. Qxd3 Rxe1+ 19. Rxe1 Qxd6 20. Qe3 h6 21.
Qd3 Ne7 22. c4 Ng6 23. cxd5 Qxd5 24. Qe4 Qxe4 25. fxe4 Rd8 26. d5 Ne5 27. Rc1
Rd7 28. Nd4 g6 29. Nc6 Nxc6 30. Rxc6 Kg7 31. Kf2 Re7 32. Ke3 f5 33. Rc4 Rxe4+
34. Rxe4 fxe4 35. Kxe4 Kf6 36. h3 a5 37. Kd4 a4 38. a3 b5 39. Kc5 Ke5 40. Kxb5
Kxd5 41. Kxa4 Kc4 42. Ka5 c5 43. Kb6 Kd4 44. a4 c4 45. a5 c3 46. a6 c2 47. a7
c1=Q 48. a8=Q Qc5+ 49. Ka6 Qa3+ 50. Kb7 Qxa8+ 51. Kxa8 Ke3 52. Kb7 Kf2 53. g4
Kg3 54. g5 hxg5 55. Kc6 Kxh3 56. Kd5 g4 57. Ke6 g3 58. Kf6 g2 59. Kg7 g1=Q 60.
Kh8 Qf2 61. Kg7 g5 62. Kh8 g4 63. Kg7 g3 64. Kh7 g2 65. Kh8 g1=Q 66. Kh7 Qf7+
67. Kh8 Qgg7# 0-1

[Event "DVM U14 2019"]
[Site "Magdeburg GER"]
[Date "2019.12.27"]
[Round "1"]
[White "Gilbert, Tim"]
[Black "Blazevic, Ksaver"]
[Result "1/2-1/2"]
[Termination "normal"]
[Board "9.4"]
[WhiteElo "1660"]
[BlackElo "1304"]
[WhiteTeam "SC Erlangen 48/88"]
[BlackTeam "SF 1876 Göppingen"]
[PlyCount "81"]
[WhiteFideId "16269527"]
[BlackFideId "16255534"]
[EventCountry "GER"]
[EventRounds "7"]
[EventType "team-swiss"]
[EventDate "2019.12.26"]

1. e4 c5 2. Nf3 a6 3. c3 e6 4. d4 cxd4 5. cxd4 d5 6. e5 Nc6 7. Bd3 Bb4+ 8. Bd2
Bxd2+ 9. Qxd2 Bd7 10. a3 Nge7 11. Nc3 b5 12. Rc1 Qb6 13. Bb1 Na5 14. Qg5 Ng6
15. Bxg6 fxg6 16. Qe3 O-O 17. O-O Nc4 18. Qe2 Rac8 19. Rc2 b4 20. axb4 Qxb4 21.
Rb1 Bb5 22. Nxb5 axb5 23. Rbc1 Ra8 24. Qe1 Qxe1+ 25. Nxe1 Rf4 26. b3 Na3 27.
Ra2 b4 28. Nc2 Rc8 29. Kf1 Rxd4 30. Nxd4 Rxc1+ 31. Ke2 Rb1 32. Kd2 Kf7 33. Kd3
Rd1+ 34. Ke3 g5 35. Nc6 Nb5 36. Nxb4 Re1+ 37. Kd3 Rxe5 38. Nc6 Rf5 39. b4 Nd6
40. Kd4 Rf4+ 41. Kd3 1/2-1/2

[Event "DVM U14 2019"]
[Site "Magdeburg GER"]
[Date "2019.12.27"]
[Round "1"]
[White "Yin, Haode"]
[Black "Schuh, Ramon"]
[Result "1-0"]
[Termination "normal"]
[Board "10.1"]
[WhiteElo "1747"]
[BlackElo "1360"]
[WhiteTeam "SchachAkademiePaderborn e. V."]
[BlackTeam "FVS ASP Hoyerswerda"]
[PlyCount "91"]
[WhiteFideId "16261348"]
[BlackFideId "16215982"]
[EventCountry "GER"]
[EventRounds "7"]
[EventType "team-swiss"]
[EventDate "2019.12.26"]

1. d4 Nf6 2. Nf3 g6 3. g3 Bg7 4. Bg2 d6 5. O-O O-O 6. b3 c6 7. Bb2 Nbd7 8. c4
d5 9. Nc3 a6 10. Re1 Re8 11. e4 dxe4 12. Nxe4 Nxe4 13. Rxe4 Nf6 14. Re1 Bf5 15.
Ne5 Qc7 16. Qc2 Rad8 17. Rad1 Nd7 18. f4 Nxe5 19. fxe5 Qc8 20. Qf2 Bh3 21. Rf1
Rf8 22. Ba3 Rde8 23. Qe3 f6 24. Bxh3 Qxh3 25. e6 f5 26. Bc1 Qg4 27. d5 h6 28.
Qf3 Qh3 29. dxc6 bxc6 30. Qxc6 g5 31. Qg2 Qh5 32. Rd5 Qg6 33. Qc2 Qxe6 34.
Rdxf5 Bd4+ 35. Kh1 Qc6+ 36. Qg2 Qxg2+ 37. Kxg2 Rxf5 38. Rxf5 e5 39. Kf3 e4+ 40.
Ke2 Kg7 41. Be3 Bc3 42. Bb6 Kg6 43. Rd5 Re6 44. c5 e3 45. Rd6 Rxd6 46. cxd6 1-0

[Event "DVM U14 2019"]
[Site "Magdeburg GER"]
[Date "2019.12.27"]
[Round "1"]
[White "Friedrich, Eddie"]
[Black "Nourzad, Shayan"]
[Result "0-1"]
[Termination "normal"]
[Board "10.2"]
[WhiteElo "1507"]
[BlackElo "1782"]
[WhiteTeam "FVS ASP Hoyerswerda"]
[BlackTeam "SchachAkademiePaderborn e. V."]
[PlyCount "66"]
[WhiteFideId "16274946"]
[BlackFideId "16274890"]
[EventCountry "GER"]
[EventRounds "7"]
[EventType "team-swiss"]
[EventDate "2019.12.26"]

1. c4 Nf6 2. d4 g6 3. Nc3 d5 4. Bf4 Bg7 5. e3 O-O 6. Nxd5 Nxd5 7. cxd5 Qxd5 8.
Bxc7 Nc6 9. Nf3 Bf5 10. Bd3 Bxd3 11. Qxd3 Rac8 12. Bf4 Nb4 13. Qd2 Nc2+ 14. Ke2
Nxa1 15. Rxa1 Qb5+ 16. Ke1 Rc6 17. Rc1 Rfc8 18. Rxc6 Qxc6 19. Kd1 Qe4 20. Ne1
Qb1+ 21. Ke2 Qxa2 22. f3 Qc4+ 23. Qd3 Qb4 24. Qd2 Qb3 25. Bg3 e6 26. Bd6 Bf8
27. Bxf8 Kxf8 28. Kf2 b6 29. Kg3 a5 30. e4 Qb4 31. Qf2 Rc4 32. h3 Qd6+ 33. f4
Qxd4 0-1

[Event "DVM U14 2019"]
[Site "Magdeburg GER"]
[Date "2019.12.27"]
[Round "1"]
[White "Rohm, Linus"]
[Black "Lesnikowski, Maciej"]
[Result "1-0"]
[Termination "normal"]
[Board "10.3"]
[WhiteElo "1525"]
[BlackElo "1366"]
[WhiteTeam "SchachAkademiePaderborn e. V."]
[BlackTeam "FVS ASP Hoyerswerda"]
[PlyCount "63"]
[WhiteFideId "16298217"]
[BlackFideId "21038910"]
[EventCountry "GER"]
[EventRounds "7"]
[EventType "team-swiss"]
[EventDate "2019.12.26"]

1. d4 d5 2. Bf4 Nf6 3. e3 Bf5 4. c3 e6 5. Nd2 Bd6 6. Bg3 c6 7. Qb3 b6 8. Ngf3
Qc7 9. Rc1 Nbd7 10. c4 Bxg3 11. hxg3 h6 12. cxd5 exd5 13. Bb5 O-O 14. Rxc6 Qb7
15. Rc1 Rac8 16. O-O Ne4 17. Qa4 Rxc1 18. Rxc1 Ndf6 19. Nxe4 Nxe4 20. Ne5 Rc8
21. Rxc8+ Qxc8 22. Nc6 Kh8 23. Qxa7 Bd7 24. Ne7 Qc1+ 25. Kh2 g6 26. Qb8+ Kg7
27. Qg8+ Kf6 28. Nxd5+ Kg5 29. Qd8+ f6 30. Qb8 Kh5 31. Qf4 Nxg3 32. Nxf6# 1-0

[Event "DVM U14 2019"]
[Site "Magdeburg GER"]
[Date "2019.12.27"]
[Round "1"]
[White "Stark, Niklas"]
[Black "Gering, Jakob"]
[Result "1-0"]
[Termination "normal"]
[Board "10.4"]
[WhiteElo "942"]
[BlackElo "1311"]
[WhiteTeam "FVS ASP Hoyerswerda"]
[BlackTeam "SchachAkademiePaderborn e. V."]
[PlyCount "97"]
[WhiteFideId "16298250"]
[BlackFideId "16298225"]
[EventCountry "GER"]
[EventRounds "7"]
[EventType "team-swiss"]
[EventDate "2019.12.26"]

1. e4 e6 2. d4 d5 3. exd5 exd5 4. Nf3 Bd6 5. Bd3 Ne7 6. Be3 Bg4 7. Nbd2 Nbc6 8.
c3 Qd7 9. Qc2 O-O-O 10. O-O-O Nf5 11. Rde1 Nxe3 12. Rxe3 Ne7 13. h3 Bh5 14.
Rhe1 Bg6 15. Bxg6 hxg6 16. Ng5 Nf5 17. R3e2 Bf4 18. Ngf3 Nd6 19. Kd1 Qf5 20.
Qxf5+ Nxf5 21. Ne5 Nd6 22. Kc2 Rde8 23. Nxf7 Rxe2 24. Nxd6+ Bxd6 25. Rxe2 Kd7
26. Kd3 Kc6 27. Nf3 Kb5 28. Ne5 Ra8 29. b3 Ba3 30. Rc2 Rd8 31. f4 c5 32. g3 c4+
33. bxc4+ dxc4+ 34. Nxc4 Be7 35. Re2 Bf6 36. Ne5 Rh8 37. h4 Rh6 38. c4+ Ka4 39.
d5 Bxe5 40. Rxe5 Rh8 41. Kd4 Kb4 42. Re3 b6 43. Rb3+ Ka5 44. c5 bxc5+ 45. Kxc5
Rc8+ 46. Kd4 Rc2 47. d6 Rxa2 48. d7 Ka4 49. Rc3 1-0